<?xml version="1.0" encoding="UTF-8"?>
<record
    xmlns:xsi="http://www.w3.org/2001/XMLSchema-instance"
    xsi:schemaLocation="http://www.loc.gov/MARC21/slim http://www.loc.gov/standards/marcxml/schema/MARC21slim.xsd"
    xmlns="http://www.loc.gov/MARC21/slim">

  <leader>01407nam a2200241 a 4500</leader>
  <controlfield tag="001">000025748</controlfield>
  <controlfield tag="005">20250512125213.0</controlfield>
  <controlfield tag="008">110222s1993    dr            000 0 spa d</controlfield>
  <datafield tag="040" ind1=" " ind2=" ">
    <subfield code="a">DO-SdBNP</subfield>
    <subfield code="b">spa</subfield>
    <subfield code="c">BNPHU</subfield>
  </datafield>
  <datafield tag="082" ind1=" " ind2=" ">
    <subfield code="a">338.925</subfield>
    <subfield code="b">P961e</subfield>
  </datafield>
  <datafield tag="245" ind1="0" ind2="0">
    <subfield code="a">Privatizaci&#xF3;n de empresas p&#xFA;blicas y rendimensionamiento del estado en la Rep&#xFA;blica Dominicana /</subfield>
    <subfield code="c">coordinaci&#xF3;n Andr&#xE9;s Dauhajre, Juan Llad&#xF3;.</subfield>
  </datafield>
  <datafield tag="260" ind1=" " ind2=" ">
    <subfield code="a">Santo Domingo :</subfield>
    <subfield code="b">Fundaci&#xF3;n Econom&#xED;a y Desarrollo,</subfield>
    <subfield code="c">1993.</subfield>
  </datafield>
  <datafield tag="300" ind1=" " ind2=" ">
    <subfield code="a">555 p. ;</subfield>
    <subfield code="c">23 cm.</subfield>
  </datafield>
  <datafield tag="500" ind1=" " ind2=" ">
    <subfield code="a">Este estudio fue realizado por un equipo de expertos contratados por la Fundaci&#xF3;n Econom&#xED;a y Desarrollo, Inc. bajo la coordinaci&#xF3;n general del Dr. Andr&#xE9;s Dauhajre, hijo y la direcci&#xF3;n del Dr. Juan Llad&#xF3;, investigador principal del estudio. La investigaci&#xF3;n fue posible gracias al alpyo econ&#xF3;mico recibido del Centro Internacional para el Desarrollo Econ&#xF3;mico (CINDE) y del Gobierno Dominicano a trav&#xE9;s de la Secretar&#xED;a de Estado de Finanzas.</subfield>
  </datafield>
  <datafield tag="590" ind1=" " ind2=" ">
    <subfield code="a">Inventariado, 2019/MFF</subfield>
  </datafield>
  <datafield tag="650" ind1=" " ind2="4">
    <subfield code="a">Privatizaci&#xF3;n</subfield>
    <subfield code="z">Rep&#xFA;blica Dominicana</subfield>
    <subfield code="9">6938</subfield>
  </datafield>
  <datafield tag="650" ind1=" " ind2="4">
    <subfield code="a">Privatizaci&#xF3;n</subfield>
    <subfield code="z">Am&#xE9;rica Latina</subfield>
    <subfield code="9">52550</subfield>
  </datafield>
  <datafield tag="651" ind1=" " ind2="4">
    <subfield code="a">Rep&#xFA;blica Dominicana</subfield>
    <subfield code="x">Pol&#xED;tica Econ&#xF3;mica</subfield>
    <subfield code="9">643</subfield>
  </datafield>
  <datafield tag="700" ind1="1" ind2=" ">
    <subfield code="a">Dauhajre, Andr&#xE9;s</subfield>
    <subfield code="9">6000</subfield>
  </datafield>
  <datafield tag="700" ind1="1" ind2=" ">
    <subfield code="a">Llad&#xF3;, Juan</subfield>
    <subfield code="9">37138</subfield>
  </datafield>
  <datafield tag="710" ind1="2" ind2=" ">
    <subfield code="a"> Fundaci&#xF3;n Econom&#xED;a y Desarrollo (Santo Domingo, Rep&#xFA;blica Dominicana)</subfield>
    <subfield code="9">87751</subfield>
  </datafield>
  <datafield tag="910" ind1=" " ind2=" ">
    <subfield code="a">Validado. Control de calidad MFF</subfield>
  </datafield>
  <datafield tag="952" ind1=" " ind2=" ">
    <subfield code="0">0</subfield>
    <subfield code="1">0</subfield>
    <subfield code="7">1</subfield>
    <subfield code="8">PD</subfield>
    <subfield code="a">PD</subfield>
    <subfield code="b">PD</subfield>
    <subfield code="c">HD</subfield>
    <subfield code="d">2011-02-22</subfield>
    <subfield code="i">LF1</subfield>
    <subfield code="l">0</subfield>
    <subfield code="o">338.925 P961e</subfield>
    <subfield code="p">25748-10</subfield>
    <subfield code="r">2020-06-25</subfield>
    <subfield code="w">2020-06-25</subfield>
    <subfield code="y">LFPD</subfield>
    <subfield code="Z">No se presta</subfield>
  </datafield>
  <datafield tag="952" ind1=" " ind2=" ">
    <subfield code="0">0</subfield>
    <subfield code="1">0</subfield>
    <subfield code="7">1</subfield>
    <subfield code="8">PD</subfield>
    <subfield code="a">PD</subfield>
    <subfield code="b">PD</subfield>
    <subfield code="c">HD</subfield>
    <subfield code="d">2015-02-10</subfield>
    <subfield code="i">LF1</subfield>
    <subfield code="l">0</subfield>
    <subfield code="o">338.925 P961e</subfield>
    <subfield code="p">25748-20</subfield>
    <subfield code="r">2020-06-25</subfield>
    <subfield code="t">e. 2</subfield>
    <subfield code="w">2020-06-25</subfield>
    <subfield code="y">LFPD</subfield>
    <subfield code="Z">No se presta</subfield>
  </datafield>
  <datafield tag="999" ind1=" " ind2=" ">
    <subfield code="c">25240</subfield>
    <subfield code="d">25240</subfield>
  </datafield>
</record>
